ČSN 02 4481 Ocelová lana s oky a nalisovanými objímkami Technické dodací předpisy

Bibliographic Details
Format: Book
Language:Undetermined
PhysicalDescription:15 s.
Published: Praha ÚNM 1980

MARC

LEADER 00000nam a2200000 a 4500
001 vtls001297333
003 SK-MaSNL
005 20260224105718.0
008 210928s1980 xx 0 und
035 |a SNK000249197 
040 |a SNK  |b slo  |c SNK  |e AACR2 
245 1 |a ČSN 02 4481 Ocelová lana s oky a nalisovanými objímkami  |b Technické dodací předpisy 
260 |a Praha  |b ÚNM  |c 1980 
300 |a 15 s. 
958 |a OND 
999 |c 973349  |d 975279 
952 |t P60, <04>, [BOOK], {604}  |a SNK  |b SNK  |y VYP  |7 0  |p 17A0084515  |o snkČSN 02 4481  |0 0  |1 0  |4 0  |d 1997-07-30  |l 0  |r 2005-01-02 00:00:00  |w 2026-02-24